| 000 | 00596nam a2200229 i 4500 | ||
|---|---|---|---|
| 001 | bg | ||
| 100 | 1 | _aROSTEK, Ewa Maria | |
| 245 | 1 | 0 |
_aDeutsch : _bGrammatiktraining ABC / _cEwa Maria Rostek. |
| 260 |
_aPoznań : _b"Wagros", _ccop. 2001. |
||
| 300 |
_a183 s. : _brys. ; _c24 cm. |
||
| 490 | 1 | _aMoja Matura | |
| 650 | 9 |
_aJęzyk niemiecki _xgramatyka |
|
| 655 | _aPodręczniki | ||
| 830 | _aMoja Matura | ||
| 020 | _a8387388904 | ||
| 040 | _cBPK | ||
| 041 | 0 | _adepl | |
| 080 | _a811.112.2'36(07) | ||
| 920 | _a83-87388-90-4 | ||
| 942 | _cKS | ||
| 008 | s pl f |000 0 pol | ||
| 999 |
_c40115 _d40115 |
||